<?xml version="1.0" encoding="UTF-8"?>
<record
    xmlns:xsi="http://www.w3.org/2001/XMLSchema-instance"
    xsi:schemaLocation="http://www.loc.gov/MARC21/slim http://www.loc.gov/standards/marcxml/schema/MARC21slim.xsd"
    xmlns="http://www.loc.gov/MARC21/slim">

  <leader>01029nam a22002897a 4500</leader>
  <controlfield tag="005">20240524050820.0</controlfield>
  <controlfield tag="008">240509s2018    vm ||||| |||| 00| 0 vie d</controlfield>
  <datafield tag="020" ind1=" " ind2=" ">
    <subfield code="a">9786046539575</subfield>
  </datafield>
  <datafield tag="040" ind1=" " ind2=" ">
    <subfield code="a">DLC</subfield>
    <subfield code="e">AACR2</subfield>
  </datafield>
  <datafield tag="041" ind1=" " ind2=" ">
    <subfield code="a">vie</subfield>
  </datafield>
  <datafield tag="044" ind1=" " ind2=" ">
    <subfield code="a">vm</subfield>
  </datafield>
  <datafield tag="082" ind1="0" ind2="4">
    <subfield code="a">658.022</subfield>
    <subfield code="b">G362M</subfield>
  </datafield>
  <datafield tag="100" ind1=" " ind2=" ">
    <subfield code="a">Gerber, Michael E. </subfield>
  </datafield>
  <datafield tag="245" ind1=" " ind2=" ">
    <subfield code="a">&#x110;&#x1EC3; x&#xE2;y d&#x1EF1;ng doanh nghi&#x1EC7;p hi&#x1EC7;u qu&#x1EA3;</subfield>
    <subfield code="b">: t&#x1EA1;i sao c&#xE1;c doanh nghi&#x1EC7;p nh&#x1ECF; ho&#x1EA1;t &#x111;&#x1ED9;ng k&#xE9;m hi&#x1EC7;u qu&#x1EA3; v&#xE0; l&#xE0;m th&#x1EBF; n&#xE0;o &#x111;&#x1EC3; kh&#x1EAF;c ph&#x1EE5;c?</subfield>
    <subfield code="c">/ Michael E. Gerber ; Ph&#x1B0;&#x1A1;ng Th&#xFA;y d&#x1ECB;ch</subfield>
  </datafield>
  <datafield tag="246" ind1=" " ind2=" ">
    <subfield code="a">The E-myth revisited</subfield>
    <subfield code="b">: why most small businesses don't work and what to do about it</subfield>
  </datafield>
  <datafield tag="250" ind1=" " ind2=" ">
    <subfield code="a">T&#xE1;i b&#x1EA3;n l&#x1EA7;n 5.</subfield>
  </datafield>
  <datafield tag="260" ind1=" " ind2=" ">
    <subfield code="a">H&#xE0; N&#x1ED9;i</subfield>
    <subfield code="b">: Lao &#x111;&#x1ED9;ng - X&#xE3; h&#x1ED9;i</subfield>
    <subfield code="c">, 2018</subfield>
  </datafield>
  <datafield tag="300" ind1=" " ind2=" ">
    <subfield code="a">289 tr.</subfield>
    <subfield code="c">21 cm.</subfield>
  </datafield>
  <datafield tag="653" ind1=" " ind2=" ">
    <subfield code="a">Entrepreneurship</subfield>
  </datafield>
  <datafield tag="653" ind1=" " ind2=" ">
    <subfield code="a">Small business</subfield>
  </datafield>
  <datafield tag="653" ind1=" " ind2=" ">
    <subfield code="a">Success in business</subfield>
  </datafield>
  <datafield tag="653" ind1=" " ind2=" ">
    <subfield code="a">Doanh nghi&#x1EC7;p nh&#x1ECF;</subfield>
  </datafield>
  <datafield tag="653" ind1=" " ind2=" ">
    <subfield code="a">N&#x103;ng l&#x1EF1;c kinh doanh</subfield>
  </datafield>
  <datafield tag="653" ind1=" " ind2=" ">
    <subfield code="a">Th&#xE0;nh c&#xF4;ng trong kinh doanh</subfield>
  </datafield>
  <datafield tag="700" ind1=" " ind2=" ">
    <subfield code="a">Ph&#x1B0;&#x1A1;ng Th&#xFA;y</subfield>
    <subfield code="e">: D&#x1ECB;ch</subfield>
  </datafield>
  <datafield tag="942" ind1=" " ind2=" ">
    <subfield code="2">ddc</subfield>
    <subfield code="c">BK</subfield>
  </datafield>
  <datafield tag="952" ind1=" " ind2=" ">
    <subfield code="0">0</subfield>
    <subfield code="1">0</subfield>
    <subfield code="2">ddc</subfield>
    <subfield code="4">0</subfield>
    <subfield code="7">0</subfield>
    <subfield code="a">CPL</subfield>
    <subfield code="b">CPL</subfield>
    <subfield code="d">2024-05-09</subfield>
    <subfield code="l">0</subfield>
    <subfield code="o">658.022 G362M</subfield>
    <subfield code="p">DL00000001</subfield>
    <subfield code="r">2024-05-09 02:05:21</subfield>
    <subfield code="t">1</subfield>
    <subfield code="w">2024-05-09</subfield>
    <subfield code="y">BK</subfield>
  </datafield>
  <datafield tag="999" ind1=" " ind2=" ">
    <subfield code="c">1</subfield>
    <subfield code="d">1</subfield>
  </datafield>
</record>
